Les acteurs de Scorcese - Statistiques

Statistiques générales
  • Ce quiz a été pris 66 fois
  • Le résultat moyen est 5 sur 25
Statistiques - réponses
Nombre de films Réponse % Correct
6 Leonardo DiCaprio
98%
10 Robet de Niro
98%
4 Joe Pesci
66%
5 Harvey Keitel
43%
2 Daniel Day-Lewis
34%
2 Jodie Foster
30%
2 Liam Neeson
18%
2 Ben Kingsley
11%
2 Juliette Lewis
11%
3 Frank Vincent
9%
5 Franck Sivero
5%
5 Victor Argo
5%
2 Willem Dafoe
5%
3 Diahnne Abbot
4%
4 Harry Northup
4%
3 Illeana Douglas
4%
2 John C. Reilly
4%
3 Murray Moston
4%
2 Alec Baldwin
2%
3 Catherine Scorcese
2%
2 Verna Bloom
2%
3 Barry Primus
0%
2 Domenick Lombardozzi
0%
2 Kevin Corrigan
0%
2 Paul Herman
0%
Aucun quiz correspondant
Distribution des résultats
% des personnes avec chaque résultat
Percentile par nombre de réponses
Votre historique - résultats
Vous n’avez pas pris ce quiz